<?xml version="1.0" encoding="UTF-8"?><?xml-stylesheet type="text/xsl" href="static/style.xsl"?><OAI-PMH xmlns="http://www.openarchives.org/OAI/2.0/" xmlns:xsi="http://www.w3.org/2001/XMLSchema-instance" xsi:schemaLocation="http://www.openarchives.org/OAI/2.0/ http://www.openarchives.org/OAI/2.0/OAI-PMH.xsd"><responseDate>2026-04-13T15:35:36Z</responseDate><request verb="GetRecord" identifier="oai:www.recercat.cat:2445/131397" metadataPrefix="marc">https://recercat.cat/oai/request</request><GetRecord><record><header><identifier>oai:recercat.cat:2445/131397</identifier><datestamp>2025-12-05T16:49:56Z</datestamp><setSpec>com_2072_1057</setSpec><setSpec>col_2072_478823</setSpec><setSpec>col_2072_478917</setSpec></header><metadata><record xmlns="http://www.loc.gov/MARC21/slim" xmlns:dcterms="http://purl.org/dc/terms/" xmlns:xsi="http://www.w3.org/2001/XMLSchema-instance" xmlns:doc="http://www.lyncode.com/xoai" xsi:schemaLocation="http://www.loc.gov/MARC21/slim http://www.loc.gov/standards/marcxml/schema/MARC21slim.xsd">
   <leader>00925njm 22002777a 4500</leader>
   <datafield ind2=" " ind1=" " tag="042">
      <subfield code="a">dc</subfield>
   </datafield>
   <datafield ind2=" " ind1=" " tag="720">
      <subfield code="a">Graugés Pous, Eugeni</subfield>
      <subfield code="e">author</subfield>
   </datafield>
   <datafield ind2=" " ind1=" " tag="720">
      <subfield code="a">BABAR Collaboration</subfield>
      <subfield code="e">author</subfield>
   </datafield>
   <datafield ind2=" " ind1=" " tag="260">
      <subfield code="c">2019-04-04T11:55:27Z</subfield>
   </datafield>
   <datafield ind2=" " ind1=" " tag="260">
      <subfield code="c">2019-04-04T11:55:27Z</subfield>
   </datafield>
   <datafield ind2=" " ind1=" " tag="260">
      <subfield code="c">2006-07-21</subfield>
   </datafield>
   <datafield ind2=" " ind1=" " tag="260">
      <subfield code="c">2019-04-04T11:55:27Z</subfield>
   </datafield>
   <datafield ind2=" " ind1=" " tag="520">
      <subfield code="a">We present measurements of C P -violating asymmetries and branching fractions for the decays B + → ω π + , B + → ω K + , and B 0 → ω K 0 . The data sample corresponds to 232 × 10 6 B ¯¯¯ B pairs produced by e + e − annihilation at the Υ ( 4 S ) resonance. For the decay B 0 → ω K 0 S , we measure the time-dependent C P -violation parameters S = 0.51 + 0.35 − 0.39 ± 0.02 , and C = − 0.55 + 0.28 − 0.26 ± 0.03 . We also measure the branching fractions, in units of 10 − 6 , B ( B + → ω π + ) = 6.1 ± 0.7 ± 0.4 , B ( B + → ω K + ) = 6.1 ± 0.6 ± 0.4 , and B ( B 0 → ω K 0 ) = 6.2 ± 1.0 ± 0.4 , and charge asymmetries A ch ( B + → ω π + ) = − 0.01 ± 0.10 ± 0.01 and A ch ( B + → ω K + ) = 0.05 ± 0.09 ± 0.01 .</subfield>
   </datafield>
   <datafield tag="653" ind2=" " ind1=" ">
      <subfield code="a">Física de partícules</subfield>
   </datafield>
   <datafield tag="653" ind2=" " ind1=" ">
      <subfield code="a">Experiments</subfield>
   </datafield>
   <datafield tag="653" ind2=" " ind1=" ">
      <subfield code="a">Violació CP (Física nuclear)</subfield>
   </datafield>
   <datafield tag="653" ind2=" " ind1=" ">
      <subfield code="a">Particle physics</subfield>
   </datafield>
   <datafield tag="653" ind2=" " ind1=" ">
      <subfield code="a">Experiments</subfield>
   </datafield>
   <datafield tag="653" ind2=" " ind1=" ">
      <subfield code="a">CP violation (Nuclear physics)</subfield>
   </datafield>
   <datafield ind2="0" ind1="0" tag="245">
      <subfield code="a">Measurements of CP-violating asymmetries and branching fractions in B decays to ωK and ωπ</subfield>
   </datafield>
</record></metadata></record></GetRecord></OAI-PMH>